Algunos rasgos más sobresalientes que confluyen hacia la coyuntura imperialista, 1978-1983, en la crisis centroamericana

Αποθηκεύτηκε σε:
Λεπτομέρειες βιβλιογραφικής εγγραφής
Κύριος συγγραφέας: García González, Daniel Francisco
Μορφή: Κείμενο
Έκδοση: San José :
Ετικέτες: Προσθήκη ετικέτας
Δεν υπάρχουν, Καταχωρήστε ετικέτα πρώτοι!

MARC

LEADER 00000 a a2200000 04500
001 14766
003
040
090 |a 022300  
100 |a García González, Daniel Francisco  
245 |a Algunos rasgos más sobresalientes que confluyen hacia la coyuntura imperialista, 1978-1983, en la crisis centroamericana  
260 |a San José :  
300 |a 7; 16 p.  
999 |c 14196  |d 14196